[Event "AUTO-ADV-4876"]
[Site "http://www.queenalice.com/game.php?id=1860001"]
[Date "2025.7.17"]
[Round "1"]
[White "yasseryack"]
[Black "matamuff"]
[Result "1-0"]
[WhiteElo "1865"]
[BlackElo "1947"]

1. f4 g6 2. Nf3 Bg7 3. g3 Nh6 4. Bg2 f6 5. O-O O-O 6. d3 c6 7. Be3 Nf7 8. Nbd2
d5 9. Nb3 b6 10. Qd2 Bg4 11. Nbd4 Na6 12. Nxc6 Qc7 13. Ncd4 Qc5 14. Ne6 Qb5 15.
Nxf8 Rxf8 16. Nd4 Qb4 17. Qxb4 Nc5 18. Nc6 Be6 19. Nxe7+ Kh8 20. Bxc5 bxc5 21.
Qxc5 1-0

[Event "AUTO-ADV-4876"]
[Site "http://www.queenalice.com/game.php?id=1860002"]
[Date "2025.7.17"]
[Round "1"]
[White "matamuff"]
[Black "yasseryack"]
[Result "0-1"]
[WhiteElo "1809"]
[BlackElo "1878"]

1. Na3 c5 2. c4 b6 3. e4 Bb7 4. d3 d6 5. Nf3 Nc6 6. Nc2 Nf6 7. g3 g6 8. Bg2 Bg7
9. O-O O-O 10. Ne3 Qd7 11. Bd2 e5 12. Nd5 Nxd5 13. a3 Nf6 14. h3 Rab8 15. Rb1
Bc8 16. Kh2 Nh5 17. Be3 b5 18. b3 bxc4 19. bxc4 Rxb1 20. Qxb1 Ba6 21. Nd2 Rb8
22. Qa2 Qe7 23. Rb1 Rxb1 24. Qxb1 Bf6 25. Nf3 Ng7 26. h4 Ne6 27. Qc1 Ncd4 28.
Nxd4 cxd4 29. Bd2 Nc5 30. Qb1 g5 31. h5 Kg7 32. g4 Kh6 33. Qc2 Qd7 34. f3 Qa4
35. Qxa4 Nxa4 36. Bf1 Nc5 37. Bb4 Be7 38. Bxc5 dxc5 39. Be2 Bd8 40. Bd1 Ba5 41.
Ba4 f6 42. Bd7 Bd2 43. a4 Bb7 44. Kg2 Kg7 45. Kf2 a5 46. Ke2 Be3 47. Kd1 h6 48.
Bb5 Kf7 49. Kc2 Ke6 50. Kd1 f5 51. gxf5+ Kf6 52. Ke2 g4 53. fxg4 Kg5 54. Kf3 Bc8
55. Be8 Kf6 56. Bb5 Ke7 57. Ke2 Kd6 58. Kd1 Bd7 59. Bxd7 Kxd7 60. Ke2 Ke7 61.
Kf3 Kf6 62. Kg3 Bd2 63. Kf3 Kg5 64. Ke2 Bf4 65. Kf3 Kh4 66. f6 Bg5 67. f7 Be7
68. g5 Kxg5 69. Kg3 Kxh5 0-1

[Event "AUTO-ADV-4876"]
[Site "http://www.queenalice.com/game.php?id=1860004"]
[Date "2025.7.17"]
[Round "1"]
[White "jagiellonczyk"]
[Black "yasseryack"]
[Result "1-0"]
[WhiteElo "2128"]
[BlackElo "1872"]

1. e4 c5 2. Nf3 b6 3. Nc3 Bb7 4. Bc4 e6 5. O-O Be7 6. d3 Bf6 7. Ne2 Nc6 8. Ng3
Na5 9. Bb3 Nxb3 10. cxb3 Qc7 11. Rb1 O-O-O 12. Bg5 h6 13. Be3 d6 14. Qd2 Kb8 15.
Nh5 g5 16. Rfc1 d5 17. Nxf6 Nxf6 18. Bd4 Qe7 19. Be5+ Ka8 20. exd5 Bxd5 21. Qc3
Bxf3 22. Bxf6 Qd7 23. gxf3 Rhg8 24. Bxd8 Rxd8 25. Rd1 Qd5 26. Kg2 g4 27. d4
gxf3+ 28. Kh1 e5 29. Qc4 Qb7 30. dxe5 Rg8 31. Rg1 Re8 32. Rg7 Qc6 33. Qxf7 Kb8
34. Qxa7+ Kc8 35. Rbg1 Rxe5 36. Rg8+ Re8 37. Qa6+ Kb8 38. Rxe8+ Qxe8 39. Qxb6+
Ka8 40. Qxh6 Kb7 41. Rg7+ Kb8 42. Qe3 Qf8 43. Qe5+ Ka8 44. Qd5+ Kb8 45. Qb7# 1-0

[Event "AUTO-OPEN-4604"]
[Site "http://www.queenalice.com/game.php?id=1860287"]
[Date "2025.7.20"]
[Round "1"]
[White "yasseryack"]
[Black "alvm"]
[Result "0-1"]
[WhiteElo "1895"]
[BlackElo "2199"]

1. f4 Nf6 2. g3 c5 3. Bg2 Nc6 4. d3 d5 5. Nf3 g6 6. O-O Bg7 7. Nc3 O-O 8. Qe1
Re8 9. Bd2 e5 10. Ng5 h6 11. fxe5 Nxe5 12. Nf3 Nxf3+ 13. Bxf3 Bh3 14. Rf2 Qd7
15. e4 dxe4 16. dxe4 Ng4 17. Bxg4 Qxg4 18. Rf4 Bd4+ 19. Kh1 Qe6 20. Nd5 Rac8 21.
Bc3 Kg7 22. Bxd4+ cxd4 23. Nb4 Bf5 24. Qd2 Bxe4+ 25. Kg1 Red8 26. Re1 f5 27. Nd3
Qc4 28. Nb4 a5 29. b3 Qxb4 30. Qxb4 axb4 31. Rf2 Rxc2 32. Rxc2 Bxc2 33. Re7+ Kf6
34. Rxb7 d3 35. Rxb4 d2 36. Rf4 d1=Q+ 37. Kg2 Rd2+ 38. Kh3 g5 39. Rc4 Qf1# 0-1

[Event "AUTO-OPEN-4604"]
[Site "http://www.queenalice.com/game.php?id=1860288"]
[Date "2025.7.20"]
[Round "1"]
[White "alvm"]
[Black "yasseryack"]
[Result "1-0"]
[WhiteElo "2179"]
[BlackElo "1900"]

1. d4 e6 2. c4 c6 3. e4 Be7 4. Nf3 Nf6 5. Nc3 O-O 6. Bd3 d6 7. O-O Nbd7 8. Re1
b6 9. h3 Bb7 10. Bf4 Nh5 11. Bh2 c5 12. d5 exd5 13. Nxd5 Bxd5 14. exd5 Ndf6 15.
g4 Nxg4 16. hxg4 Nf6 17. Nd2 Qd7 18. f3 Kh8 19. Qe2 Rfe8 20. Qg2 g6 21. Ne4 Ng8
22. Re3 Rad8 23. Rae1 b5 24. cxb5 Rc8 25. b3 Bf8 26. Qe2 f5 27. gxf5 Rxe4 28.
fxe4 Bg7 29. fxg6 h6 30. e5 Bxe5 31. Rxe5 dxe5 32. Bxe5+ Nf6 33. Bxf6+ Kg8 34.
d6 Re8 35. Qxe8+ Qxe8 36. Rxe8# 1-0

[Event "AUTO-OPEN-4618"]
[Site "http://www.queenalice.com/game.php?id=1863903"]
[Date "2025.10.7"]
[Round "1"]
[White "josebaron"]
[Black "yasseryack"]
[Result "1-0"]
[WhiteElo "2193"]
[BlackElo "1882"]

1. e4 c5 2. Nf3 g6 3. d4 cxd4 4. Qxd4 f6 5. Bc4 Nc6 6. Qd5 e6 7. Qd1 Qc7 8. O-O
Bg7 9. Nc3 a6 10. a4 b6 11. Be3 Nge7 12. Qd2 O-O 13. Rad1 Kh8 14. h4 Ne5 15.
Nxe5 fxe5 16. Bb3 Rf7 17. Qd6 Qxd6 18. Rxd6 Rb8 19. Rfd1 Nc6 20. Bxe6 dxe6 21.
Rxc6 Bd7 22. Rxb6 Rxb6 23. Bxb6 Bf8 24. a5 Kg7 25. Bc7 Kf6 26. Bd8+ Kg7 27. Bc7
Bc5 28. Bxe5+ Kh6 29. Bd4 Bxd4 30. Rxd4 Kh5 31. g3 e5 32. Rd5 Re7 33. f3 g5 34.
hxg5 Kxg5 35. Kg2 h5 36. Rd6 Bb5 37. Nxb5 axb5 38. Rb6 Rc7 39. c3 Rc5 40. a6 h4
41. a7 Rc8 42. Rb8 Rc4 43. a8=Q b4 44. Rg8+ Kf6 45. Qd8+ Kf7 46. Qe8+ Kf6 47.
Rg6# 1-0

[Event "AUTO-OPEN-4618"]
[Site "http://www.queenalice.com/game.php?id=1863904"]
[Date "2025.10.7"]
[Round "1"]
[White "yasseryack"]
[Black "josebaron"]
[Result "0-1"]
[WhiteElo "1889"]
[BlackElo "2190"]

1. f4 d5 2. g3 Nf6 3. Bg2 Nc6 4. Nf3 e6 5. O-O Bc5+ 6. d4 Bb6 7. e3 O-O 8. Nbd2
Re8 9. c4 dxc4 10. Nxc4 a5 11. Nxb6 cxb6 12. Re1 b5 13. a3 Qb6 14. Qb3 a4 15.
Qd3 Bd7 16. Ne5 Na5 17. Nxd7 Nxd7 18. Rb1 Nf6 19. Bd2 Nc4 20. Bb4 Red8 21. Bc5
Qxc5 22. Bxb7 Rab8 23. Bf3 Qd6 24. g4 Nd5 25. Be4 Ncxe3 26. Bxh7+ Kf8 27. Rxe3
Nxe3 28. Qxe3 Qxd4 29. Qxd4 Rxd4 30. Rf1 g6 31. h3 Kg7 32. Bxg6 fxg6 33. Rf2
Rbd8 34. f5 exf5 35. gxf5 Rd1+ 36. Kg2 R8d2 37. f6+ Kf7 38. h4 Rxf2+ 39. Kxf2
Rd2+ 40. Ke3 Rxb2 41. Kd3 Rb3+ 42. Kd4 Rxa3 43. Ke5 Rh3 44. Kd5 a3 0-1

[Event "AUTO-OPEN-4618"]
[Site "http://www.queenalice.com/game.php?id=1863931"]
[Date "2025.10.7"]
[Round "1"]
[White "IranSilva"]
[Black "yasseryack"]
[Result "1-0"]
[WhiteElo "2275"]
[BlackElo "1891"]

1. Nf3 g6 2. g3 Bg7 3. Bg2 d6 4. d4 c6 5. O-O Nf6 6. c4 O-O 7. Nc3 Nbd7 8. e4
Nb6 9. b3 Bg4 10. h3 Bxf3 11. Bxf3 Qd7 12. Bg2 Rad8 13. Bb2 d5 14. exd5 cxd5 15.
c5 Nc8 16. Re1 b6 17. b4 a6 18. a4 bxc5 19. dxc5 d4 20. Ne4 Nxe4 21. Rxe4 e5 22.
Qd3 f5 23. Ree1 Qa7 24. Qc4+ Kh8 25. b5 axb5 26. axb5 Qc7 27. Ra6 Nd6 28. Qb4
Nc8 29. b6 Nxb6 30. cxb6 Qd6 31. Qxd6 Rxd6 32. Ba3 Rxb6 33. Rxb6 Rc8 34. Reb1 h5
35. Rxg6 Kh7 36. Rg5 d3 37. Rxf5 Kg6 38. Be4 d2 39. Rf8+ Kh6 40. Rxc8 1-0

[Event "AUTO-OPEN-4618"]
[Site "http://www.queenalice.com/game.php?id=1863932"]
[Date "2025.10.7"]
[Round "1"]
[White "yasseryack"]
[Black "IranSilva"]
[Result "0-1"]
[WhiteElo "1885"]
[BlackElo "2219"]

1. f4 d5 2. g3 Nf6 3. Nf3 c5 4. d3 Nc6 5. Bg2 Bg4 6. O-O e6 7. Nc3 a6 8. Qe1 Bd6
9. Nh4 O-O 10. e4 dxe4 11. dxe4 e5 12. Be3 Nd4 13. Rc1 b5 14. Bxd4 cxd4 15. Nd1
g6 16. Nf2 Be6 17. Nd3 Nd7 18. a3 Rc8 19. fxe5 Nxe5 20. Nxe5 Bxe5 21. Nf3 Bg7
22. b3 Rc3 23. Qd2 Qb6 24. Kh1 Rfc8 25. Ng5 Qa5 26. Nxe6 fxe6 27. Bh3 Qb6 28.
Qf4 Rf8 29. Qd2 Re3 30. Rxf8+ Bxf8 31. Rf1 Qc6 32. Qxd4 Rxe4 33. Qf6 Rf4+ 34.
Bg2 Rxf6 35. Bxc6 Rxf1+ 36. Kg2 Rc1 37. Be4 Bxa3 38. h4 Kf7 39. g4 h6 40. Bd3 h5
41. Kf3 Be7 42. g5 Rh1 43. Kg3 Bd6+ 44. Kf3 Rxh4 45. c4 bxc4 46. Bxc4 Rf4+ 47.
Ke3 Rg4 48. Bxa6 Rxg5 49. Kd4 Rg4+ 50. Kc3 Rb4 51. Bc4 g5 52. Kd3 g4 53. Ke3 h4
54. Kf2 h3 55. Kg1 g3 56. Kh1 g2+ 57. Kg1 Bc5+ 58. Kh2 g1=Q+ 59. Kxh3 Rxc4 60.
bxc4 Bf2 0-1

[Event "AUTO-ADV-4897"]
[Site "http://www.queenalice.com/game.php?id=1863969"]
[Date "2025.10.8"]
[Round "1"]
[White "yasseryack"]
[Black "game"]
[Result "1-0"]
[WhiteElo "1894"]
[BlackElo "1648"]

1. f4 d5 2. g3 Bf5 3. Bg2 e6 4. d3 Bg4 5. Bd2 h5 6. Nf3 Bd6 7. O-O Qf6 8. Bc3
Nd7 9. Bxf6 Ndxf6 10. Nh4 Nh6 11. Nc3 Bc5+ 12. Kh1 Nf5 13. Nxf5 exf5 14. h3 d4
15. Na4 Nd7 16. hxg4 hxg4+ 17. Kg1 O-O-O 18. Nxc5 Nxc5 19. Qb1 Rh5 20. b4 Ne6
21. Qb3 g5 22. fxg5 Nxg5 23. Rxf5 Rf8 24. Qd5 Rd8 25. Qxb7+ Kd7 26. Bc6+ 1-0

[Event "AUTO-ADV-4897"]
[Site "http://www.queenalice.com/game.php?id=1863970"]
[Date "2025.10.8"]
[Round "1"]
[White "game"]
[Black "yasseryack"]
[Result "0-1"]
[WhiteElo "1633"]
[BlackElo "1888"]

1. e4 g6 2. d4 d6 3. f3 Bg7 4. d5 Bd7 5. Bc4 b5 6. Bb3 Nf6 7. c4 a5 8. c5 dxc5
9. Bc2 O-O 10. e5 Nh5 11. g4 Bxe5 12. gxh5 e6 13. dxe6 fxe6 14. Nh3 Qh4+ 15. Nf2
Qxh5 16. Ne4 Bd4 17. Nbc3 Qh4+ 18. Ng3 Bc6 19. Bd2 Bxf3 20. Qc1 Bxh1 21. Ke2
Qxh2+ 22. Kd3 Qxg3+ 23. Ke2 Rf2+ 24. Ke1 Qg1# 0-1